000 00719cab a2200265 4500
001 X1009
008 090401t1993 xxu||||| |||| 00| 0 eng d
035 _a(Sirsi) u14121
041 _aeng
245 _aLand Securities plc v Westminster CC
260 _c1993
350 _a0
490 _aArbitration and Dispute Resolution Law Journal
_v1993 ADELJ 170-174(5)
520 _aChD 29 July 1992.
650 _aADMISSIBILITY
650 _aADMISSIBLE EVIDENCE
650 _aARBITRATORS' AWARDS
650 _aCOMPARABLE PROPERTY
650 _aEVIDENCE
650 _aRENT REVIEWS
690 _aARBITRATION-CASE LAW
690 _aLANDLORD AND TENANT-CASE LAW-RENT REVIEWS
942 _n0
948 _c04/03/1997
999 _c9164
_d9164